[Event "Romulus op"]
[Site "Romulus"]
[Date "2000.09.04"]
[Round "6"]
[White "Hershberger, Kent"]
[Black "Aldrich, Justin M"]
[Result "0-1"]
[WhiteElo "1024"]
[BlackElo "1584"]
[PlyCount "78"]
[EventDate "2000.09.01"]
[EventType "swiss"]
[EventRounds "7"]
[EventCountry "USA"]
[SourceTitle "EXT 2007"]
[Source "ChessBase"]
[SourceDate "2006.11.23"]
[SourceVersion "1"]
[SourceVersionDate "2006.11.23"]
[SourceQuality "1"]

1. e4 e5 2. Nf3 Nc6 3. d4 exd4 4. Bc4 Na5 5. Bd3 d6 6. Nxd4 Be7 7. 0-0 Bd7 8. Qf3 Nf6 9. Nf5 Bxf5 10. Qxf5 Nc6 11. Bg5 Ne5 12. Be2 h6 13. Bd2 Qd7 14. Qf4 Nh7 15. Qg3 Ng6 16. f4 Bf6 17. Nc3 c6 18. Rad1 Qe7 19. Be3 Bh4 20. Qf3 Bf6 21. Bc4 Nhf8 22. Rd2 Rd8 23. Bb3 Qc7 24. Qf2 b6 25. Bd4 Nd7 26. Bxf6 Nxf6 27. f5 Ne5 28. Qg3 0-0 29. Ne2 Nxe4 30. Qe3 Nxd2 31. Qxd2 Ng4 32. f6 d5 33. Ng3 Nxf6 34. Rxf6 gxf6 35. Qxh6 Qe5 36. c3 Qg5 37. Qh3 Rde8 38. Bc2 Qe3+ 39. Kf1 Qe1# 0-1

[Event "Grand Masters/Experts-ch"]
[Site "Lansing"]
[Date "1999.01.10"]
[Round "5"]
[White "Aldrich, Justin M"]
[Black "Grzegorczyk, Ron"]
[Result "0-1"]
[WhiteElo "1605"]
[BlackElo "1605"]
[PlyCount "136"]
[EventDate "1999.??.??"]
[EventType "swiss"]
[EventRounds "5"]
[EventCountry "USA"]
[SourceTitle "EXT 2007"]
[Source "ChessBase"]
[SourceDate "2006.11.23"]
[SourceVersion "1"]
[SourceVersionDate "2006.11.23"]
[SourceQuality "1"]

1. e4 c5 2. Nf3 Nc6 3. c3 d6 4. d4 cxd4 5. cxd4 e6 6. Nc3 Be7 7. a3 a6 8. Bd3 Bf6 9. Bc2 Nge7 10. 0-0 0-0 11. Re1 Ng6 12. Be3 Nh4 13. Nxh4 Bxh4 14. Qg4 e5 15. Qd1 Ne7 16. d5 f5 17. Qh5 f4 18. Qxh4 fxe3 19. Rxe3 Ng6 20. Qxd8 Rxd8 21. Na4 b5 22. Nb6 Rb8 23. Nxc8 Rbxc8 24. Bd1 Nf4 25. Bg4 Rc2 26. g3 Ng6 27. Re2 Rxe2 28. Bxe2 Rc8 29. Bd3 Nf8 30. a4 Nd7 31. b4 bxa4 32. Rxa4 Rc1+ 33. Kg2 Rc3 34. Bxa6 Nb6 35. Ra1 Rb3 36. b5 Nc4 37. Rc1 Nd2 38. Re1 Rb4 39. f3 Rb3 40. f4 exf4 41. gxf4 Rb4 42. e5 dxe5 43. fxe5 Kf7 44. Rc1 Nc4 45. Rf1+ Ke8 46. Bb7 Ne3+ 47. Kf2 Nxf1 48. Bc6+ Ke7 49. Kxf1 Rb2 50. e6 g5 51. Kg1 h5 52. Kh1 g4 53. Kg1 h4 54. Kh1 Kd6 55. Kg1 h3 56. Kf1 Rxh2 57. Kg1 Rb2 58. b6 h2+ 59. Kh1 g3 60. b7 Rb1+ 61. Kg2 h1Q+ 62. Kxg3 Qe1+ 63. Kf4 Qe5+ 64. Kg4 Rb4+ 65. Kf3 Qe4+ 66. Kf2 Rb3 67. Kg1 Rb2 68. Kf1 Qb1# 0-1